000 00534nam a2200193Ia 4500
005 20250508163849.0
008 008 250505s9999 xx 000 0 hin d
020 _a81-7487-183-7
037 _aTextual
040 _aFEDL
_beng
_cFEDL
041 _ahin
_2eng
084 _a350, BAM
_qFEDL
100 _aBameshwar Singh
_9776606
245 0 _aLok prashasan : Sinddhant aur vyavhar
260 _aNew Delhi, India
_bRadha Publications
_c1999
300 _a372p
942 _cTEXL
_h350, BAM
999 _c1385673
_d1385673